[Event "Limpedea Cup"]
[Site "Baia Sprie ROM"]
[Date "2009.05.11"]
[Round "1"]
[White "Sanikidze, T."]
[Black "Varga, Zo"]
[Result "1-0"]
[BlackElo "2457"]
[EventDate "2009.05.11"]
[WhiteElo "2559"]

1.e4 d5 2.exd5 Qxd5 3.Nf3 Bg4 4.Be2 Nf6 5.O-O e6 6.h3 Bh5 7.d4 Be7 8.c4 Qd6
9.Nc3 O-O 10.Be3 c6 11.a3 Nbd7 12.b4 a6 13.Qd2 Qc7 14.Rfd1 Rfd8 15.Bf4 Bd6
16.Bxd6 Qxd6 17.Qe3 Bxf3 18.Bxf3 Qc7 19.Rac1 Re8 20.g3 Rad8 21.Bg2 Qb8 22.a4
h6 23.a5 Rc8 24.Qd2 Red8 25.Qb2 Qa7 26.Na4 Ne8 27.Nc5 Nd6 28.Nxd7 Rxd7 29.d5
exd5 30.cxd5 c5 31.h4 Rdc7 32.Qe5 Rd7 33.Bh3 Re8 34.Qxe8+ Nxe8 35.Bxd7 Nf6
36.bxc5 Nxd7 37.c6 bxc6 38.dxc6 Nc5 39.Rd7 Nxd7 40.c7 1-0

[Event "TCh-ROU Superliga"]
[Site "Eforie Nord ROU"]
[Date "2009.09.27"]
[Round "9"]
[White "Miroshnichenko, E."]
[Black "Teodorescu, I."]
[Result "1-0"]
[BlackElo "2266"]
[EventCountry "ROU"]
[EventDate "2009.09.19"]
[EventRounds "9"]
[Source "Mark Crowther"]
[SourceDate "2009.06.15"]
[WhiteElo "2690"]

1.e4 d5 2.exd5 Qxd5 3.Nf3 Bg4 4.Be2 Nf6 5.h3 Bh5 6.O-O e6 7.c4 Qa5 8.d4 c6
9.Nc3 Be7 10.Bf4 Nbd7 11.a3 O-O 12.Re1 Rfe8 13.b4 Qd8 14.Qd2 Nb6 15.g4 Nxg4
16.hxg4 Bxg4 17.c5 Nd5 18.Ne5 Nxf4 19.Qxf4 Bf5 20.Ne4 g5 21.Qe3 Bxe4 22.Qxe4
f5 23.Qe3 g4 24.Bc4 Bg5 25.Qb3 Qf6 26.Nd7 Qxd4 27.Rad1 Qg7 28.Bxe6+ Kh8
29.Ne5 Qf6 30.Nf7+ Kg7 31.Nxg5 Qxg5 32.Qc3+ Qf6 33.Rd7+ Kg6 34.Bf7+ Qxf7
35.Rxf7 Kxf7 36.Re5 Kg6 37.Qd3 Rxe5 38.Qd6+ Kg5 39.Qxe5 h5 40.Qg7+ Kf4 41.Qe7
g3 42.Qe3+ Kg4 43.Qxg3# 1-0

[Event "Barcelona ESP, 3. Barri Gotic Open"]
[Site "Barcelona ESP"]
[Date "2014.04.14"]
[Round "2.1"]
[White "Mu?oz Pantoja, Miguel"]
[Black "Schneider Ristol, Alejandro"]
[Result "1-0"]
[BlackElo "2091"]
[EventDate "2014.04.07"]
[WhiteElo "2559"]

1.e4 d5 2.exd5 Qxd5 3.Nf3 Nf6 4.Be2 Bg4 5.O-O e6 6.h3 Bh5 7.d4 Be7 8.c4 Qd8
9.Nc3 c6 10.g4 Bg6 11.Ne5 Nbd7 12.f4 h6 13.Nxg6 fxg6 14.Bd3 Nf8 15.Be3 Qd7
16.Qf3 O-O-O 17.Rfd1 Kb8 18.Bf1 Qc7 19.Bg2 N8d7 20.d5 exd5 21.cxd5 Nb6
22.dxc6 Qxc6 23.Qxc6 bxc6 24.Bxc6 Rxd1+ 25.Rxd1 Rd8 26.Rxd8+ Bxd8 27.b3 Be7
28.Kf2 Bb4 29.Bd4 Kc7 30.Bf3 a6 31.g5 Bxc3 32.Bxc3 Nfd5 33.Bxg7 hxg5 34.fxg5
Kd6 35.Bd4 Nf4 36.h4 Nbd5 37.Kg3 Ke7 38.Be5 1-0

[Event "Zupanja CRO, 4. Open"]
[Site "Zupanja CRO"]
[Date "2010.08.20"]
[Round "2.1"]
[White "Stevic, Hrvoje"]
[Black "Egerc, Josip"]
[Result "1-0"]
[BlackElo "2126"]
[EventDate "2010.08.20"]
[WhiteElo "2605"]

1.e4 d5 2.exd5 Qxd5 3.Nf3 Bg4 4.Be2 Nf6 5.O-O e6 6.h3 Bh5 7.d4 c6 8.c4 Qa5
9.Bf4 Nbd7 10.Nc3 Bb4 11.Qb3 O-O 12.a3 Bxc3 13.bxc3 Bxf3 14.Bxf3 e5 15.dxe5
Nxe5 16.Bxe5 Qxe5 17.Qxb7 Rab8 18.Qxa7 Qxc3 19.Rfc1 Qe5 20.Bxc6 Rb3 21.Rab1
Rd3 22.a4 h5 23.Rd1 Rfd8 24.Rxd3 Rxd3 25.Qb8+ Qxb8 26.Rxb8+ Kh7 27.Rb1 Rc3
28.Bb5 Ne4 29.Ra1 Nd6 30.a5 Nxc4 31.Bxc4 Rxc4 32.a6 Rc8 33.a7 Ra8 34.Kf1 Kg6
35.Ke2 Kf6 36.Kd3 Ke6 37.Kc4 Kd6 38.Kb5 1-0

[Event "Thomas Georgiou CC GM"]
[Site "Athens GRE"]
[Date "2017.09.07"]
[Round "4"]
[White "Spasov, V."]
[Black "Khetsuriani, B."]
[Result "1-0"]
[BlackElo "2260"]
[EventCategory "6"]
[EventCountry "GRE"]
[EventDate "2017.09.04"]
[EventRounds "9"]
[EventType "tourn"]
[WhiteElo "2506"]

1.e4 d5 2.exd5 Qxd5 3.Nf3 Nf6 4.d4 Bg4 5.Be2 c6 6.h3 Bh5 7.O-O e6 8.c4 Qd8
9.Nc3 Be7 10.Be3 O-O 11.Qb3 Qb6 12.Qxb6 axb6 13.g4 Bg6 14.Ne5 Nfd7 15.f4 f5
16.Nxg6 hxg6 17.a3 Na6 18.Rad1 Nf6 19.Bf3 Nc7 20.Kg2 Bd6 21.g5 Nh5 22.Be2
Rfe8 23.Kf3 Rad8 24.b4 Ra8 25.Ra1 c5 26.bxc5 bxc5 27.dxc5 Bf8 28.Nb5 Nxb5
29.cxb5 e5 30.fxe5 Rxe5 31.Bd4 Re4 32.Bf2 Nf4 33.Bd1 Ne6 34.Bb3 Kh7 35.Bxe6
Rxe6 36.Rfc1 1-0

[Event "It (open) (a)"]
[Site "Voronezh (Russia)"]
[Date "2006.06.18"]
[Round "6"]
[White "Kornev Alexei (RUS)"]
[Black "Feoktistov Alexey A (RUS)"]
[Result "1-0"]
[BlackElo "2421"]
[WhiteElo "2575"]

1.e4 d5 2.exd5 Qxd5 3.Nf3 Nf6 4.d4 Bg4 5.Be2 Nbd7 6.h3 Bh5 7.O-O c6 8.c4 Qa5
9.Nc3 e6 10.d5 exd5 11.Nd4 dxc4 12.Bxh5 Qxh5 13.Re1+ Kd8 14.Qa4 Bc5 15.Qxc4
Bxd4 16.Qxd4 Re8 17.Bf4 Re6 18.Rad1 Ke8 19.Qd6 Qc5 20.Qd3 Qe7 21.Qd2 Nd5
22.Bg5 Qd6 23.Qd3 Nf8 24.Be3 f6 25.Nxd5 Qxd5 26.Qxd5 cxd5 27.Rxd5 Rc8 28.Rb5
b6 29.Rd1 Nd7 30.Rh5 h6 31.Rhd5 Ne5 32.b3 Rc2 33.Rd8+ Kf7 34.a4 Rb2 35.Ra8
Re7 36.a5 Rxb3 37.Rc1 Rd7 38.Kh2 h5 39.Rc2 h4 40.Rh8 g5 41.Re2 Kg7 42.Ra8 Nc4
43.axb6 axb6 44.Rb8 Rd1 45.g4 hxg3+ 46.Kxg3 f5 47.Kh2 Rbb1 48.Bxg5 Re1
49.Rxe1 Rxe1 50.h4 Kg6 51.Bf4 Kh5 52.Kg3 Rb1 53.Rh8+ Kg6 54.h5+ Kg7 55.Rc8 b5
56.h6+ Kh7 57.Rc7+ Kh8 58.Bg5 Rh1 59.Kf4 1-0

[Event "It (open)"]
[Site "Biel (Switzerland)"]
[Date "2002.??.??"]
[Round "11"]
[White "Houhou Olivier (FRA)"]
[Black "David Adrian (GER)"]
[Result "1/2-1/2"]
[BlackElo "2311"]
[Remark "VII-VIII"]
[WhiteElo "2257"]

1.e4 d5 2.exd5 Qxd5 3.Nf3 Nf6 4.d4 Bg4 5.Be2 e6 6.O-O c6 7.h3 Bh5 8.c4 Qa5
9.Bf4 Be7 10.Nc3 O-O 11.a3 Qd8 12.Qd2 Nbd7 13.Rfd1 a5 14.Rac1 Nb6 15.Ne5 Bxe2
16.Qxe2 a4 17.Bh2 Ra5 18.Qc2 Qa8 19.c5 Nbd5 20.Nc4 Ra6 21.Be5 Nd7 22.Bd6 Bxd6
23.Nxd6 b5 24.cxb6 N7xb6 25.Nce4 Nd7 26.Ng5 N7f6 27.Rd3 Qb8 28.Nde4 Nxe4
29.Nxe4 Rb6 30.Rb1 Nf4 31.Rf3 Rb3 32.Rxb3 axb3 33.Qxc6 Ne2+ 34.Kh1 Nxd4
35.Qd6 Qxd6 36.Nxd6 Rd8 37.Nb7 Rc8 38.Rd1 e5 39.Na5 f6 40.Rd3 Rc2 41.Nxb3
Rxb2 42.Nxd4 exd4 43.Rxd4 Rxf2 44.Kh2 Ra2 45.a4 h5 46.Kg3 Kh7 47.Kf3 Kh6
48.Rb4 1/2-1/2

[Event "9th Open"]
[Site "Brasschaat BEL"]
[Date "2009.08.20"]
[Round "6"]
[White "Van den Brande, W."]
[Black "Geirnaert, S."]
[Result "0-1"]
[BlackElo "2364"]
[EventCountry "BEL"]
[EventDate "2009.08.15"]
[EventRounds "9"]
[Source "Mark Crowther"]
[SourceDate "2009.06.15"]
[WhiteElo "2228"]

1.e4 d5 2.exd5 Qxd5 3.Nf3 Bg4 4.Be2 Nf6 5.d4 c6 6.h3 Bf5 7.O-O e6 8.c4 Qd8
9.Nc3 Nbd7 10.Nh4 Bg6 11.Nxg6 hxg6 12.Bf3 Be7 13.Re1 Nb6 14.Qd3 Qd7 15.Be3
O-O 16.Rad1 Rfd8 17.Qe2 Re8 18.a3 Qc7 19.Qf1 Rad8 20.Bc1 Rd7 21.g3 Qd8 22.Be3
Nc8 23.b4 Nd6 24.g4 a6 25.a4 Bf8 26.c5 Nc8 27.b5 axb5 28.axb5 Ne7 29.bxc6
bxc6 30.Qa6 Qc8 31.Ra1 Ned5 32.Nxd5 Nxd5 33.Bd2 Be7 34.g5 Kf8 35.Qd3 Qd8
36.h4 Bxc5 37.dxc5 Ne7 38.Qa6 Rxd2 39.Red1 Rxd1+ 40.Rxd1 Qa8 41.Qb6 Nd5
42.Bxd5 exd5 43.Rb1 Qc8 44.Qb3 Qf5 45.Ra1 d4 0-1

[Event "Tournament"]
[Site "Espoo (Finland)"]
[Date "1985.??.??"]
[Round "?"]
[White "Lehtivaara Risto (FIN)"]
[Black "Osterman Georg (FIN)"]
[Result "1-0"]
[BlackElo "2281"]
[WhiteElo "2214"]

1.e4 d5 2.exd5 Qxd5 3.d4 Nf6 4.Nf3 Bg4 5.Be2 Nc6 6.h3 Bh5 7.O-O O-O-O 8.Be3
Qd6 9.Nbd2 h6 10.c4 e6 11.a3 g5 12.b4 Bxf3 13.Nxf3 g4 14.hxg4 Nxg4 15.Qa4
Nxe3 16.fxe3 Kb8 17.b5 Ne7 18.Ne5 Nf5 19.c5 Qe7 20.Nc6+ bxc6 21.bxc6 Ka8
22.Rab1 Qg5 23.Qa6 Qxe3+ 24.Rf2 1-0

[Event "Ch Argentina"]
[Site "Buenos Aires (Argentina)"]
[Date "1998.??.??"]
[Round "9"]
[White "Malbran Guillermo (ARG)"]
[Black "Slipak Sergio (ARG)"]
[Result "1-0"]
[BlackElo "2500"]
[Remark "IV"]
[WhiteElo "2430"]

1.e4 d5 2.exd5 Nf6 3.d4 Bg4 4.Nf3 Qxd5 5.Be2 Nc6 6.h3 Bh5 7.O-O O-O-O 8.c3 e6
9.b4 Be7 10.Nbd2 g5 11.b5 Nb8 12.g4 Bg6 13.Ne5 c5 14.bxc6 Nxc6 15.Bf3 Qb5
16.Bxc6 bxc6 17.Qb3 Kc7 18.Ba3 Nd5 19.c4 Qxb3 20.axb3 Bxa3 21.Rxa3 Nb4
22.Rxa7+ Kb6 23.Rfa1 Rxd4 24.c5+ Kxc5 25.R1a5+ 1-0

[Event "Memorial Adolfo Pedrido (open)"]
[Site "Vilagarcia de Arousa (Spain)"]
[Date "2006.08.30"]
[Round "6"]
[White "Garcia Castro Pablo (ESP)"]
[Black "Nanu Ciprian-Costica (ROM)"]
[Result "0-1"]
[BlackElo "2457"]
[WhiteElo "2336"]

1.e4 d5 2.exd5 Qxd5 3.Nf3 Bg4 4.Be2 Nf6 5.O-O Nc6 6.h3 Bh5 7.d4 Qd7 8.Be3 e6
9.c4 Rd8 10.Nbd2 Bb4 11.Nb3 Be7 12.a3 Qc8 13.Nbd2 O-O 14.Qb3 Bg6 15.Rfd1 Ne4
16.d5 Na5 17.Qa2 b6 18.Rac1 c5 19.Ne5 Nxd2 20.Nxg6 hxg6 21.Bxd2 e5 22.b4 Nb7
23.Bc3 Bd6 24.Re1 Rfe8 25.Bd3 f5 26.f3 Bb8 27.Qf2 Qc7 28.g4 Qf7 29.Rc2 Re7
30.Rce2 Rde8 31.Bc2 Nd6 32.bxc5 bxc5 33.Bxe5 Ne4 34.fxe4 Bxe5 35.Kh1 f4
36.Rb1 f3 37.Rd2 Bd4 38.Rxd4 cxd4 39.Rf1 Rb7 40.Qxd4 Qf4 41.Qc3 Rf8 42.Bd1
Rb1 43.Qc2 Qg3 44.Qh2 Qg2+ 45.Qxg2 fxg2+ 46.Kxg2 Rxf1 47.Kxf1 Rxd1+ 48.Ke2
Rc1 49.Kd3 Kf7 50.Kd4 Ra1 51.e5 Rxa3 52.Kc5 a5 53.Kd6 a4 54.Kd7 Re3 55.e6+
Kf6 56.g5+ Kxg5 57.c5 a3 58.c6 a2 59.c7 Rc3 60.e7 a1=Q 61.h4+ Kf5 62.d6 Qa4+
63.Kd8 Qa8+ 0-1

[Event "ch-ROU Men"]
[Site "Sarata Monteoru ROU"]
[Date "2011.02.17"]
[Round "8.25"]
[White "Senetia, T."]
[Black "Martian, D."]
[Result "1-0"]
[BlackElo "1990"]
[EventCountry "ROU"]
[EventDate "2011.02.12"]
[EventRounds "11"]
[Source "Mark Crowther"]
[SourceDate "2010.09.06"]
[WhiteElo "2218"]

1.e4 d5 2.exd5 Nf6 3.d4 Bg4 4.Nf3 Qxd5 5.Be2 Nc6 6.h3 Bh5 7.O-O e6 8.Be3
O-O-O 9.Nbd2 h6 10.a3 g5 11.c4 Qd7 12.b4 Bd6 13.b5 Ne7 14.Qa4 Kb8 15.g4 Bg6
16.c5 Bf4 17.c6 Qe8 18.Ne5 Ned5 19.Bxf4 Nxf4 20.Bf3 N6d5 21.cxb7 Rd6 22.Rfc1
h5 23.Ndc4 Nb6 24.Nxd6 Ne2+ 25.Kf1 cxd6 26.Nc6+ Kc7 27.Qxa7 1-0

[Event "TCh-SRB Premier Women"]
[Site "Valjevo SRB"]
[Date "2011.09.05"]
[Round "10.3"]
[White "Eric, J."]
[Black "Petrovic, Mari"]
[Result "1/2-1/2"]
[BlackElo "2169"]
[BlackTeam "Pozarevacki SK"]
[EventDate "2011.08.27"]
[EventRounds "11"]
[Source "Mark Crowther"]
[SourceDate "2011.06.27"]
[WhiteElo "2282"]
[WhiteTeam "SK Rad Beograd"]

1.e4 d5 2.exd5 Qxd5 3.Nf3 Bg4 4.Be2 Nc6 5.O-O Nf6 6.h3 Bh5 7.d4 O-O-O 8.c4
Qd6 9.d5 Bxf3 10.Bxf3 Ne5 11.Bf4 g5 12.Bxg5 Nfd7 13.Nc3 Rg8 14.Nb5 Qg6 15.Be3
Bh6 16.Nxa7+ Kb8 17.Nb5 Bxe3 18.fxe3 Nxc4 19.a4 Qb6 20.Qd3 Qxe3+ 21.Qxe3 Nxe3
22.Rfc1 Ne5 1/2-1/2

[Event "TCh-RUS Blitz w 2017"]
[Site "Sochi RUS"]
[Date "2017.10.05"]
[Round "4.2"]
[White "Stepanyan, Eva"]
[Black "Charochkina, D."]
[Result "0-1"]
[BlackElo "2321"]
[BlackTeam "Cimmeria (Republic of Crimea)"]
[EventCountry "RUS"]
[EventDate "2017.10.05"]
[EventRounds "10"]
[EventType "team (blitz)"]
[WhiteElo "1952"]
[WhiteTeam "Basiki (Moscow region)"]

1.e4 d5 2.exd5 Qxd5 3.d4 Nf6 4.Nf3 Bg4 5.Be2 Nc6 6.h3 Bh5 7.O-O O-O-O 8.Be3
e6 9.c4 Qd7 10.Qb3 g5 11.Bxg5 Be7 12.Rd1 Rhg8 13.Be3 Kb8 14.Nc3 Na5 15.Qb5
Qxb5 16.Nxb5 Nxc4 17.Bxc4 Bxf3 18.Rdc1 Rxg2+ 19.Kf1 Rdg8 20.Ke1 Bb4+ 21.Nc3
Ne4 22.Bf1 Rh2 23.a3 Bxc3+ 24.bxc3 Rg1 25.c4 Rxf1+ 0-1

[Event "Kemerovo RUS, Kuzbass Cup 2012"]
[Site "Kemerovo RUS"]
[Date "2012.08.30"]
[Round "2"]
[White "Nevostrujev, Vladimir"]
[Black "Kljucharev, Sergey"]
[Result "1/2-1/2"]
[BlackElo "2376"]
[EventDate "2012.08.29"]
[WhiteElo "2455"]

1.e4 d5 2.exd5 Qxd5 3.Nf3 Bg4 4.Be2 Nc6 5.O-O Nf6 6.h3 Bh5 7.d4 O-O-O 8.c4
Qf5 9.Be3 e6 10.Nc3 Bc5 11.Nh4 Nxd4 12.Nxf5 Nxe2+ 13.Qxe2 Bxe2 14.Nxe2 Bxe3
15.Nxe3 Rd2 16.Nc1 Rxb2 17.Nd3 Re2 18.Rfd1 Ne4 19.Kf1 Ng3+ 20.fxg3 Rxe3
21.Kf2 Re4 22.Nb2 Rd8 23.Rxd8+ Kxd8 24.Re1 Rd4 25.Ke3 Rd6 26.Rd1 Ke7 27.Rxd6
cxd6 28.g4 Kd7 29.Nd3 Kc6 30.c5 dxc5 31.Ne5+ Kd5 32.Nxf7 b5 33.Ng5 h6 34.Ne4
b4 35.g5 hxg5 36.Nxg5 a5 37.h4 a4 38.Ne4 a3 39.h5 c4 40.g4 b3 41.g5 Ke5
42.Nc3 Kf5 43.h6 1/2-1/2

[Event "Volgograd RUS, Christmas Open"]
[Site "Volgograd RUS"]
[Date "2010.01.06"]
[Round "4"]
[White "Pronin, Vladimir"]
[Black "Nosov, Andrey"]
[Result "1/2-1/2"]
[BlackElo "2323"]
[EventDate "2010.01.03"]
[WhiteElo "2082"]

1.e4 d5 2.exd5 Qxd5 3.Nf3 Nf6 4.Be2 Bg4 5.O-O Nc6 6.h3 Bh5 7.d4 O-O-O 8.c4
Qd6 9.d5 Ne5 10.Nd4 Bxe2 11.Qxe2 Ned7 1/2-1/2

[Event "16?me Open de Saint Affrique"]
[Site "?"]
[Date "2008.07.19"]
[Round "1.2"]
[White "Degraeve, Jean-Marc"]
[Black "Dia, Hussein"]
[Result "1-0"]
[BlackElo "1910"]
[EventDate "2008.??.??"]
[WhiteElo "2523"]

1.e4 d5 2.exd5 Qxd5 3.Nf3 Nf6 4.d4 Bg4 5.Be2 Nc6 6.h3 Bh5 7.O-O e6 8.Be3
O-O-O 9.c4 Qd7 10.Qb3 h6 11.Rd1 g5 12.d5 exd5 13.cxd5 Nxd5 14.Nc3 Nce7 15.Ne5
Qe6 16.Bxh5 Qxe5 17.Bd4 1-0

[Event "Titled Tuesday Blitz June 15 2021"]
[Site "?"]
[Date "2021.06.15"]
[Round "04"]
[White "Xiong, Jeffery"]
[Black "Bazarov, Konstantin"]
[Result "1-0"]
[BlackClock "0:00:50"]
[BlackElo "2577"]
[BlackFideId "4137000"]
[TimeControl "180+1"]
[WhiteClock "0:00:54"]
[WhiteElo "2958"]
[WhiteFideId "2047640"]

1.e4 { [%clk 0:03:00] } 1...d5 { [%clk 0:02:54] } 2.exd5 { [%clk 0:03:00] }
2...Qxd5 { [%clk 0:02:52] } 3.Nf3 { [%clk 0:03:01] } 3...Nf6
{ [%clk 0:02:49] } 4.Be2 { [%clk 0:03:01] } 4...Nc6 { [%clk 0:02:48] } 5.O-O
{ [%clk 0:03:00] } 5...Bg4 { [%clk 0:02:48] } 6.h3 { [%clk 0:02:53] } 6...Bh5
{ [%clk 0:02:46] } 7.d4 { [%clk 0:02:27] } 7...e6 { [%clk 0:02:45] } 8.c4
{ [%clk 0:02:27] } 8...Qd8 { [%clk 0:02:43] } 9.Be3 { [%clk 0:02:25] }
9...Be7 { [%clk 0:02:42] } 10.Nc3 { [%clk 0:02:26] } 10...O-O
{ [%clk 0:02:42] } 11.Qd2 { [%clk 0:02:16] } 11...Bg6 { [%clk 0:02:37] }
12.Rfd1 { [%clk 0:02:10] } 12...Ne4 { [%clk 0:02:37] } 13.Nxe4
{ [%clk 0:02:09] } 13...Bxe4 { [%clk 0:02:36] } 14.a3 { [%clk 0:02:06] }
14...a5 { [%clk 0:02:34] } 15.Rac1 { [%clk 0:02:01] } 15...a4
{ [%clk 0:02:31] } 16.Ng5 { [%clk 0:01:52] } 16...Bg6 { [%clk 0:02:29] }
17.Bf4 { [%clk 0:01:08] } 17...Na5 { [%clk 0:02:21] } 18.Qe3
{ [%clk 0:01:08] } 18...Nb3 { [%clk 0:02:19] } 19.Rc3 { [%clk 0:01:08] }
19...Bf6 { [%clk 0:02:14] } 20.Nf3 { [%clk 0:01:06] } 20...Qc8
{ [%clk 0:02:05] } 21.Be5 { [%clk 0:01:06] } 21...Be7 { [%clk 0:02:01] }
22.h4 { [%clk 0:01:04] } 22...Rd8 { [%clk 0:01:55] } 23.h5 { [%clk 0:00:54] }
23...Bxh5 { [%clk 0:01:53] } 24.Bxg7 { [%clk 0:00:54] } 24...Bxf3
{ [%clk 0:01:48] } 25.Bh6 { [%clk 0:00:55] } 25...Nxd4 { [%clk 0:01:19] }
26.Rxd4 { [%clk 0:00:53] } 26...Rxd4 { [%clk 0:01:11] } 27.Qxd4
{ [%clk 0:00:54] } 27...e5 { [%clk 0:00:50] } 28.Qxe5 { [%clk 0:00:54] }
1-0